000 00487cam a2200205ua 4500
001 7106
005 20260515114144.0
008 141126n ii |||gr||||Z||||||eng
020 _a8183560644
040 _cMAIN
041 _aeng
082 _a331
100 _aNarasaiah, M. Lakshmi,
_eAuthor.
245 1 _aChild labour and education
_cBy M. Lakshmi Narasaiah
250 _a1st.
260 _aNew Delhi:
_bDPH,
_c2006.
300 _av,163p.
653 _aChild Labour
942 _cBK
999 _c6228
_d6228